[Event "USA tt"]
[Site "ICC INT"]
[Date "2015.10.13"]
[Round "8"]
[White "Bell, Eric"]
[Black "Yim, Tony"]
[Result "0-1"]
[WhiteElo "1885"]
[BlackElo "2063"]
[PlyCount "74"]
[EventDate "2015.08.25"]
[EventType "team-swiss"]
[EventRounds "10"]
[EventCountry "USA"]
[SourceTitle "EXT 2017"]
[Source "ChessBase"]
[SourceDate "2016.10.25"]
[SourceVersion "1"]
[SourceVersionDate "2016.10.25"]
[SourceQuality "1"]
[WhiteTeam "Minnesota"]
[BlackTeam "Arizona"]
[WhiteTeamCountry "USA"]
[BlackTeamCountry "USA"]

1. d4 Nf6 2. Nf3 e6 3. c4 Bb4+ 4. Bd2 Qe7 5. a3 Bxd2+ 6. Nbxd2 d6 7. e3 e5 8. Qc2 0-0 9. dxe5 dxe5 10. Be2 a5 11. 0-0 Nc6 12. Rad1 e4 13. Ne1 Bf5 14. Nb3 Ne5 15. Nd4 Bg6 16. c5 c6 17. b4 axb4 18. axb4 Nfd7 19. Qb3 Nf6 20. Nec2 Nd5 21. Ra1 Rad8 22. Ra7 Rd7 23. Na3 Nd3 24. Bxd3 exd3 25. Nc4 Qg5 26. Nf3 Qe7 27. Nfe5 Rc7 28. Nxg6 hxg6 29. Nd6 b6 30. Rxc7 Qxc7 31. e4 Nf4 32. g3 Ne6 33. Rc1 bxc5 34. bxc5 Nxc5 35. Rxc5 Qxd6 36. Rc3 Rd8 37. Kf1 Qd4 0-1